Normale Ansicht MARC-Ansicht ISBD

Kulturtransfer in der Provinz : (Titelsatznr. 31321)

[ MARC ]
MARC-Details
000 -Satzkennung
Kontrollfeld mit fester Länge 00878nam a22002651c 4500
001 - Kontrollnummer
Kontrollfeld a987693716
008 - Feld mit fester Länge zur physischen Beschreibung - Allgemeine Angaben
Kontrollfeld mit fester Länge 200406s2020 gw |||| 000u ger d
020 ## - Internationale Standardbuchnummer
Internationale Standardbuchnummer 9783447114035
Verknüpfung 978-3-447-11403-5
041 ## - Sprachcode
Sprachcode des Textes/der Tonspur oder des separaten Titels ger
040 ## - Katalogisierungsquelle
Übertragungsstelle RU-10907106
003 - Kontrollnummer Identifier
Kontrollfeld RU-10907106
245 00 - Titel
Titel Kulturtransfer in der Provinz :
Zusatz zum Titel Wilna als Ort deutscher Kultur und Wissenschaft (1803-1832) /
Verfasserangabe etc. Herausgegeben von Monika Bednarczuk ; Mit Beiträgen von Monika Bednarczuk, Katarzyna Filutowska, Marta Kopij-Weiß und Mirja Lecke
264 ## - Produktion, Veröffentlichung, Distribution, Herstellung und Urheberrechtsvermerk
Herstellungs-, Veröffentlichungs- Vertriebs-, Erzeugungsort Wiesbaden :
Produzent, Herausgeber, Distributor, Hersteller Harrassowitz,
Datum der Herstellung, der Veröffentlichung, des Vertriebs oder des Urheberschutzvermerks 2020
300 ## - Physische Beschreibung
Umfang 251 Seiten
648 #0 - Nebeneintragung unter einem Schlagwort - Zeitschlagwort
Zeitschlagwort 1803-1832
650 #0 - Nebeneintragung unter einem Schlagwort - Sachschlagwort
Sachschlagwort oder geografischer Name als Eintragungselement Deutsche
650 #0 - Nebeneintragung unter einem Schlagwort - Sachschlagwort
Sachschlagwort oder geografischer Name als Eintragungselement Geisteswissenschaften
650 #0 - Nebeneintragung unter einem Schlagwort - Sachschlagwort
Sachschlagwort oder geografischer Name als Eintragungselement Kulturvermittlung
650 #0 - Nebeneintragung unter einem Schlagwort - Sachschlagwort
Sachschlagwort oder geografischer Name als Eintragungselement Literatur
650 #0 - Nebeneintragung unter einem Schlagwort - Sachschlagwort
Sachschlagwort oder geografischer Name als Eintragungselement Naturwissenschaften
650 #0 - Nebeneintragung unter einem Schlagwort - Sachschlagwort
Sachschlagwort oder geografischer Name als Eintragungselement Philosophie
651 #0 - Nebeneintragung unter einem Schlagwort - Geografischer Name
Geografischer Name Vilnius
700 1# - Nebeneintragung - Personenname
Personenname Bednarczuk, Monika
Funktionsbezeichnung HerausgeberIn
942 ## - Zusätzliche Felder (Koha)
Koha-Medientyp Monographien
Exemplare
Ausgeschieden Verloren Klassifikation oder Aufstellungssystematik Beschädigt Nicht entleihbar Heimatbibliothek Aufenthaltsbibliothek Aufstellungsort Erwerbungsdatum Inventarnummer Signatur Barcode Letzte Aktivität Preis gültig von Koha-Medientyp
    Andere/Generische Klassifikation     MWN Osteuropa MWN Osteuropa Magazin - 2 06/04/2020 20-01338 R 53 o Deut 3 E00401080A9306C5 23/02/2021 22/03/2021 Monographien